City Names in TV Series Titles Quiz Stats

 Plays Quiz not verified by Sporcle

Challenge
Share
Tweet
Embed
Score 0/40 Timer 05:00
0 Plays Today
Title City % Correct
Fresh Prince of ...-...Bel-Air
65.6%
... ViceMiami
62.4%
... LegalBoston
54.3%
It's Always Sunny in ...Philadelphia
53.9%
... ... P. D. BlueNY
53.9%
CSI: ... (second of three series)Miami
53.5%
CSI: ... ... (third of three series)NY
48.9%
... HopeChicago
45%
... ... LawL. A.
44.3%
... 911Reno
42.6%
WKRP in ...Cincinnati
39.4%
Hot in ...Cleveland
39%
NCIS: ... ...Los Angeles
37.6%
... PublicBoston
35.8%
... CommonBoston
30.1%
... City LimitsAustin
28.4%
... (Prime Time Soap)Dallas
27.7%
Tales of Wells ...Fargo
26.2%
... R. F. D.Mayberry
24.8%
... BillBuffalo
19.1%
Title City % Correct
One ... ...Tree Hill
16.7%
...stonesFlint
15.2%
... TonightFernwood
8.5%
... ... (Daytime Soap)Santa Barbara
8.2%
... BlackieBoston
7.8%
... (Gritty Western)Deadwood
7.4%
..., the Last DinosaurDenver
7.1%
Hot L ...Baltimore
5.3%
... BeatMemphis
4.6%
... CafeBaghdad
3.9%
... ShoresMalibu
3.2%
... ... (Animated)South Park
2.8%
... ... (Rural Comedy)Evening Shade
2.8%
... 5iveJackson
2.8%
Greetings from ...Tucson
2.5%
... ... (Police Drama)Las Vegas
2.5%
... (Medical Drama)Providence
2.1%
... (50's Western)Cheyenne
2.1%
... (Prime Time Soap Parody)Fresno
1.4%
... (Frontier Police Drama)Kodiak
0.7%

You're not logged in!

Compare scores with friends on all Sporcle quizzes.
OR
Log In

You Might Also Like...

Show Comments

Extras

Top Quizzes Today


Score Distribution

Your Account Isn't Verified!

In order to create a playlist on Sporcle, you need to verify the email address you used during registration. Go to your Sporcle Settings to finish the process.

Report this User

Report this user for behavior that violates our Community Guidelines.

Details: